Mathematical modeling of mechanical properties of compressed rubberized concrete based on laboratory experiments / (رقم التسجيلة. 178098)

تفاصيل مارك
000 -LEADER
fixed length control field 04334namaa22004451i 4500
003 - CONTROL NUMBER IDENTIFIER
control field EG-GICUC
005 - أخر تعامل مع التسجيلة
control field 20260210100435.0
008 - FIXED-LENGTH DATA ELEMENTS--GENERAL INFORMATION
fixed length control field 260128s2025 ua a|||frm||| 000 0 eng d
040 ## - CATALOGING SOURCE
Original cataloguing agency EG-GICUC
Transcribing agency EG-GICUC
Modifying agency EG-GICUC
Description conventions rda
Language of cataloging eng
041 0# - LANGUAGE CODE
Language code of text/sound track or separate title eng
Language code of summary or abstract eng
-- ara
049 ## - Acquisition Source
Acquisition Source Deposit
082 04 - DEWEY DECIMAL CLASSIFICATION NUMBER
Classification number 624.1
092 ## - LOCALLY ASSIGNED DEWEY CALL NUMBER (OCLC)
Classification number 624.1
Edition number 21
097 ## - Degree
Degree M.Sc
099 ## - LOCAL FREE-TEXT CALL NUMBER (OCLC)
Local Call Number Cai01.13.11.M.Sc.2025.Om.M
100 0# - MAIN ENTRY--PERSONAL NAME
Authority record control number or standard number Omar Mohamed Farahat Mohamed,
Preparation preparation.
245 10 - TITLE STATEMENT
Title Mathematical modeling of mechanical properties of compressed rubberized concrete based on laboratory experiments /
Statement of responsibility, etc. by Omar Mohamed Farahat Mohamed ; Supervisors Prof. Dr. Mostafa A. Abdeen, Prof. Dr. Hossam A. Hodhod, Prof. Dr. Mohamed M. El-Shabrawy.
246 15 - VARYING FORM OF TITLE
Title proper/short title النمذجة الرياضية للخصائص الميكانيكية للخرسانة المطاطية المضغوطة بناءً على التجارب المعملية
264 #0 - PRODUCTION, PUBLICATION, DISTRIBUTION, MANUFACTURE, AND COPYRIGHT NOTICE
Date of production, publication, distribution, manufacture, or copyright notice 2025.
300 ## - PHYSICAL DESCRIPTION
Extent 85 pages :
Other physical details illustrations ;
Dimensions 25 cm. +
Accompanying material CD.
336 ## - CONTENT TYPE
Content type term text
Source rda content
337 ## - MEDIA TYPE
Media type term Unmediated
Source rdamedia
338 ## - CARRIER TYPE
Carrier type term volume
Source rdacarrier
502 ## - DISSERTATION NOTE
Dissertation note Thesis (M.Sc)-Cairo University, 2025.
504 ## - BIBLIOGRAPHY, ETC. NOTE
Bibliography, etc. note Bibliography: pages 83-85.
520 #3 - SUMMARY, ETC.
Summary, etc. The use of recycled rubber in structural concrete production is generally not considered <br/>practical as it can significantly decrease the strength and elasticity of the concrete. <br/>However, a new method for casting concrete has been developed that can greatly improve <br/>the strength and elasticity of rubberized concrete. This method involves using the same mix <br/>design as normal concrete (NC) but replacing some of the natural fine aggregate (NFA) <br/>with crumb rubber. Concrete specimens were cast with varying amounts of crumb rubber in <br/>place of NFA and then compressed in a mold to reduce the volume of fresh concrete for a <br/>period before being removed. This method can promote the use of waste rubber in concrete <br/>and can be easily implemented by the precast industry to manufacture precast concrete <br/>products, leading to more sustainable and environmentally friendly construction practices.
520 #3 - SUMMARY, ETC.
Summary, etc. استخدام المطاط المعاد تدويره في إنتاج الخرسانة الإنشائية لا يُعتبر عمليًا بشكل عام، حيث يمكن أن يؤدي إلى انخفاض كبير في قوة ومرونة الخرسانة. ومع ذلك، تم تطوير طريقة جديدة لصب الخرسانة يمكنها تحسين قوة ومرونة الخرسانة المطاطية بشكل كبير. تعتمد هذه الطريقة على استخدام نفس تصميم الخلطة للخرسانة العادية (NC) ولكن مع استبدال جزء من الركام الناعم الطبيعي (NFA) بمطاط الفتات. تم صب عينات خرسانية بكميات متفاوتة من المطاط الناعم بدلاً من الركام الناعم الطبيعي، ثم تم ضغطها داخل قالب لتقليل حجم الخرسانة الطازجة لفترة زمنية محددة قبل إزالتها. يمكن لهذه الطريقة أن تعزز استخدام المطاط المُعاد تدويره في الخرسانة، كما يمكن تنفيذها بسهولة في صناعة الخرسانة مسبقة الصب لإنتاج منتجات خرسانية مستدامة وصديقة للبيئة، مما يسهم في ممارسات بناء أكثر استدامة.
530 ## - ADDITIONAL PHYSICAL FORM AVAILABLE NOTE
Issues CD Issues also as CD.
546 ## - LANGUAGE NOTE
Text Language Text in English and abstract in Arabic & English.
650 #0 - SUBJECT ADDED ENTRY--TOPICAL TERM
Topical term or geographic name entry element Engineering Mechanics
650 #0 - SUBJECT ADDED ENTRY--TOPICAL TERM
Topical term or geographic name entry element الميكانيكا الهندسية
653 #1 - INDEX TERM--UNCONTROLLED
Uncontrolled term Rubberized concrete
-- Waste rubber
-- compressed rubberized concrete
-- stress – strain behavior
-- Recycled rubber
-- الخرسانة المطاطية
-- مطاط الإطارات المستعملة
700 0# - ADDED ENTRY--PERSONAL NAME
Personal name Mostafa A. Abdeen
Relator term thesis advisor.
700 0# - ADDED ENTRY--PERSONAL NAME
Personal name Hossam A. Hodhod
Relator term thesis advisor.
700 0# - ADDED ENTRY--PERSONAL NAME
Personal name Mohamed M. El-Shabrawy
Relator term thesis advisor.
900 ## - Thesis Information
Grant date 01-01-2025
Supervisory body Mostafa A. Abdeen
-- Hossam A. Hodhod
-- Mohamed M. El-Shabrawy
Discussion body Khaled M. Fasseh
Universities Cairo University
Faculties Faculty of Engineering
Department Department of Engineering Mechanics
905 ## - Cataloger and Reviser Names
Cataloger Name Shimaa
Reviser Names Eman Ghareb
942 ## - ADDED ENTRY ELEMENTS (KOHA)
Source of classification or shelving scheme Dewey Decimal Classification
Koha item type Thesis
Edition 21
Suppress in OPAC No
المقتنيات
Source of classification or shelving scheme Home library Current library Date acquired Inventory number Full call number Barcode Date last seen Effective from Koha item type
Dewey Decimal Classification المكتبة المركزبة الجديدة - جامعة القاهرة قاعة الرسائل الجامعية - الدور الاول 28.01.2026 93259 Cai01.13.11.M.Sc.2025.Om.M 01010110093259000 28.01.2026 28.01.2026 Thesis
Cairo University Libraries Portal Implemented & Customized by: Eng. M. Mohamady Contacts: new-lib@cl.cu.edu.eg | cnul@cl.cu.edu.eg
CUCL logo CNUL logo
© All rights reserved — Cairo University Libraries
CUCL logo
Implemented & Customized by: Eng. M. Mohamady Contact: new-lib@cl.cu.edu.eg © All rights reserved — New Central Library
CNUL logo
Implemented & Customized by: Eng. M. Mohamady Contact: cnul@cl.cu.edu.eg © All rights reserved — Cairo National University Library